01377cam a2200205Mi 4500001001900000003000600019005001700025008004100042020002600083035002200109035002400131040003400155100003000189245004800219264003300267300002400300490000600324520082100330655002001151991027231407407026UkOxU20251120175601.0241107s2025 enk d 000 f eng d a9780702340574q(hbk.) a(OCoLC)1504421850 a(OCoLC)on1504421850 aUKYRKbengerdacUKYRKdUkOxU aCollins, Suzanneeauthor.10aSunrise on the reaping c/ Suzanne Collins. 1aLondon :bScholastic,c2025. a416 pages ;c24 cm.1 xV8 aAs the day dawns on the fiftieth annual Hunger Games, fear grips the districts of Panem. This year, in honour of the Quarter Quell, twice as many tributes will be taken from their homes. Back in District 12, Haymitch Abernathy is trying not to think too hard about his chances. All he cares about is making it through the day and being with the girl he loves. When Haymitch's name is called, he can feel all his dreams break. He's torn from his family and his love, shuttled to the Capitol with the three other District 12 tributes: a young friend who's nearly a sister to him, a compulsive oddsmaker, and the most stuck-up girl in town. As the Games begin, Haymitch understands he's been set up to fail. But there's something in him that wants to fight - and have that fight reverberate far beyond the deadly arena. 0aScience fiction